| 000 | 00556nam a2200217 a 4500 | ||
|---|---|---|---|
| 999 |
_c4702 _d4702 |
||
| 001 | 4702 | ||
| 003 | BD-JhCC | ||
| 005 | 20171130100743.0 | ||
| 008 | 171130s1963 e a|||| ||a| 001 0 eng d | ||
| 035 | _a(BD-JhCC)4702 | ||
| 040 |
_aBD-JhCC _dBD-JhCC |
||
| 041 | _aeng | ||
| 082 |
_a330 _bALE 1963 |
||
| 100 | _aAlexander, John W. | ||
| 245 |
_aEconomic Geography / _cAlexander, John W. |
||
| 260 |
_aNew Jersey : _bPrentice Hall, INC, _c1963. |
||
| 300 |
_a661 p. : _c25 cm. _billu; |
||
| 650 | _aEconomic Geography | ||
| 942 |
_2ddc _cBK |
||